| 000 | 00587nam a2200193Ia 4500 | ||
|---|---|---|---|
| 005 | 20250508162758.0 | ||
| 008 | 008 250505s9999 xx 000 0 eng d | ||
| 037 | _aTextual | ||
| 040 |
_aFEDL _beng _cFEDL |
||
| 041 |
_aeng _2eng |
||
| 084 |
_a575, LAS _qFEDL |
||
| 100 |
_aLaszlo Ervin Ed. _980221 |
||
| 245 | 0 | _aNew evolutionary paradigm: Keynote Volume | |
| 260 |
_aNew York, USA _bGordon and Breach Science Publishers _c1991 |
||
| 300 | _axxv,204p | ||
| 490 | _aThe World futuresgeneral evolution studies | ||
| 942 |
_cTEXL _h575, LAS |
||
| 999 |
_c1378651 _d1378651 |
||